000 01071cam a22003011 4500
001 sa 68000313
003 DLC
005 20260227112422.0
008 900207s1964 ii b 000 0 sano
010 _asa 68000313
035 _a(OCoLC)21015070
040 _aDLC
_cWaU
_dDLC
041 0 _asanhin
042 _apremarc
050 0 0 _aPK519
_b.V35
100 0 _aVaradarāja,
_dactive 17th century.
245 1 0 _aMadhyasiddhāntakaumudī.
260 _c1964.
300 _a34, 784 p.
_c19 cm.
500 _aIn Sanskrit; commentary in Hindi and Sanskrit; introductory matter in Hindi.
500 _aThe Madhyasiddhāntakaumudī by Varadarājā is an abridgement of and based on the Siddhāntakaumudī by Bhaṭṭojī Dīkṣita, which is in turn a commentary on Pāṇini's Aṣṭādhyāyi.
504 _aBibliographical footnotes.
650 0 _aSanskrit language
_xGrammar.
700 0 _aVishwa Nath,
_d1902-
700 0 _aNigamanand,
_cSwami,
_d1915-
700 0 _aBhaṭṭojī Dīkṣita.
_tSiddhāntakaumudī.
700 0 _aPaṇini.
_tAṣṭādhyāyi.
999 _c77116
_d77116